[Event "XXXII Festival Conca della Presolana Magistrale"]
[Site "Bratto - Castione della Presolana ITA"]
[Date "2012.08.21"]
[Round "4"]
[White "Neelotpal, Das"]
[Black "Mirzoev, Azer"]
[WhiteElo "2469"]
[BlackElo "2545"]
[Result "1-0"]
[PlyCount "101"]
[EventDate "2012.08.18"]

1. d4 d5 2. c4 c6 3. Nc3 dxc4 4. e4 b5 5. a4 b4 6. Na2 Nf6 7. e5 Nd5 8. Bxc4 e6
9. Nf3 Ba6 10. Qe2 Bxc4 11. Qxc4 Nb6 12. Qc2 Qd5 13. b3 N8d7 14. O-O Rc8 15.
Rd1 c5 16. dxc5 Rxc5 17. Rxd5 Rxc2 18. Ra5 Bc5 19. Be3 Bxe3 20. fxe3 Nc8 21.
Nd4 Rb2 22. Nxb4 O-O 23. Nbc6 h6 24. Rc1 Ndb6 25. e4 Rd2 26. Rb5 Nd7 27. Nf3
Rd3 28. Rb7 f5 29. exf5 exf5 30. e6 Nf6 31. Nce5 Re3 32. Rcc7 Nh5 33. Ng6 Nd6
34. Rxa7 Rb8 35. Rc6 Ne8 36. Ne7+ Kh7 37. Nd4 f4 38. Nef5 Re5 39. a5 Nhf6 40.
h3 Rd5 41. Rc4 Rbd8 42. Kh2 f3 43. gxf3 Re5 44. Rc2 Rdd5 45. b4 Rxf5 46. Nxf5
Rxf5 47. a6 Rxf3 48. Rd7 Ra3 49. a7 Ne4 50. Rc8 Ra2+ 51. Kg1 1-0

[Event "XXXII Festival Conca della Presolana Magistrale"]
[Site "Bratto - Castione della Presolana ITA"]
[Date "2012.08.21"]
[Round "4"]
[White "Negro, Roberto"]
[Black "Prelati, Maurizio"]
[WhiteElo "2117"]
[BlackElo "1991"]
[Result "1-0"]
[PlyCount "69"]
[EventDate "2012.08.18"]

1. d4 d5 2. Nf3 Nf6 3. e3 c5 4. c3 Nc6 5. Nbd2 Bf5 6. dxc5 a5 7. Bb5 e6 8. Nd4
Rc8 9. b4 Ng4 10. Nxf5 exf5 11. Nf3 Be7 12. h3 Nf6 13. Nd4 g6 14. Nb3 axb4 15.
cxb4 O-O 16. Bxc6 bxc6 17. O-O Ra8 18. Bb2 Ne4 19. a3 Qc7 20. Nd2 Ng5 21. Nf3
Nxf3+ 22. Qxf3 Rfb8 23. Rfb1 Qd8 24. Bd4 Ra4 25. Qf4 Rba8 26. Qe5 f6 27. Qe6+
Kg7 28. Qxc6 Rxa3 29. Rxa3 Rxa3 30. b5 Ra8 31. b6 Rb8 32. Ra1 g5 33. Ra7 Kf8
34. Qe6 Rc8 35. Bxf6 1-0

[Event "XXXII Festival Conca della Presolana Magistrale"]
[Site "Bratto - Castione della Presolana ITA"]
[Date "2012.08.21"]
[Round "4"]
[White "Pantaleoni, Claudio"]
[Black "Radice, Luca"]
[WhiteElo "2161"]
[BlackElo "2029"]
[Result "0-1"]
[PlyCount "50"]
[EventDate "2012.08.18"]

1. d4 e6 2. c4 Nf6 3. Nc3 d5 4. cxd5 exd5 5. Bg5 Be7 6. e3 c6 7. Bd3 Nbd7 8.
Nge2 Nh5 9. Bxe7 Qxe7 10. g4 Nhf6 11. Ng3 g6 12. h3 Nb6 13. Qc2 Be6 14. Kf1 Qd7
15. Nf5 Bxf5 16. gxf5 O-O-O 17. Na4 Nxa4 18. Qxa4 Kb8 19. b4 Ne4 20. Bxe4 dxe4
21. fxg6 hxg6 22. Qa5 Rh5 23. Qa4 Rxh3 24. Rg1 Qf5 25. Re1 Rh2 0-1

[Event "XXXII Festival Conca della Presolana Magistrale"]
[Site "Bratto - Castione della Presolana ITA"]
[Date "2012.08.21"]
[Round "4"]
[White "Petrone, Gianmario"]
[Black "Bemporad, Filippo"]
[WhiteElo "1957"]
[BlackElo "2079"]
[Result "0-1"]
[PlyCount "68"]
[EventDate "2012.08.18"]

1. e4 c5 2. Nf3 d6 3. d4 cxd4 4. Nxd4 Nf6 5. Nc3 e6 6. Be2 Be7 7. O-O O-O 8. f4
Nc6 9. Be3 Qc7 10. Qe1 Nxd4 11. Bxd4 e5 12. Be3 exf4 13. Rxf4 Be6 14. Qd2 a6
15. Nd5 Bxd5 16. exd5 Nd7 17. Rff1 Ne5 18. Kh1 Rac8 19. c3 Nc4 20. Bxc4 Qxc4
21. Rf4 Qc7 22. Re4 Bf6 23. Bf4 Rfe8 24. Rae1 Rxe4 25. Rxe4 Qd7 26. Qe3 h6 27.
h3 Rd8 28. Rb4 Re8 29. Qb6 Re1+ 30. Kh2 Qf5 31. Qf2 Rd1 32. Rxb7 Be5 33. g3
Bxf4 34. gxf4 Qd3 0-1

[Event "XXXII Festival Conca della Presolana Magistrale"]
[Site "Bratto - Castione della Presolana ITA"]
[Date "2012.08.21"]
[Round "4"]
[White "Qendro, Llambi"]
[Black "David, Alberto"]
[WhiteElo "2328"]
[BlackElo "2595"]
[Result "0-1"]
[PlyCount "116"]
[EventDate "2012.08.18"]

1. d4 Nf6 2. c4 b6 3. g3 Bb7 4. Nf3 c5 5. Bg2 cxd4 6. Qxd4 g6 7. Nc3 Bg7 8. O-O
d6 9. Bg5 Nbd7 10. Rac1 Rc8 11. b3 O-O 12. Qh4 Rc5 13. Qf4 a6 14. Bh6 b5 15.
Bxg7 Kxg7 16. cxb5 axb5 17. a4 bxa4 18. Nxa4 Rb5 19. Nd2 Bxg2 20. Kxg2 Qa5 21.
Rc2 Ne5 22. Ra1 Rb4 23. Nc3 Qc5 24. e4 Rfb8 25. Qe3 Qxe3 26. fxe3 Rc8 27. Raa2
Neg4 28. Nd1 Rxc2 29. Rxc2 Nxe4 30. Nxe4 Rxe4 31. Rc3 d5 32. h3 Ne5 33. Nf2 Rb4
34. Nd3 Nxd3 35. Rxd3 e6 36. Kf2 Kf6 37. Rc3 Ke5 38. Rc7 Kf6 39. Rc3 Ke5 40.
Rc7 f5 41. Rxh7 Rxb3 42. Rg7 Ke4 43. Rxg6 e5 44. Rg5 Rxe3 45. Rxf5 Ra3 46. Rf8
d4 47. h4 d3 48. g4 Ra2+ 49. Kg3 d2 50. Rf1 Ra3+ 51. Kg2 Rd3 52. Rd1 Ke3 53. g5
e4 54. g6 Rd6 55. h5 Rd5 56. Kg3 Rxh5 57. Kg4 Rh6 58. Kf5 Rxg6 0-1

[Event "XXXII Festival Conca della Presolana Magistrale"]
[Site "Bratto - Castione della Presolana ITA"]
[Date "2012.08.21"]
[Round "4"]
[White "Ramondino, Renzo"]
[Black "Sharma, Dinesh K."]
[WhiteElo "2231"]
[BlackElo "2361"]
[Result "1/2-1/2"]
[PlyCount "37"]
[EventDate "2012.08.18"]

1. e4 e6 2. d4 d5 3. e5 c5 4. c3 Nc6 5. Nf3 Qb6 6. a3 Nh6 7. b4 cxd4 8. cxd4
Nf5 9. Bb2 Be7 10. Bd3 O-O 11. O-O g6 12. Bxf5 exf5 13. Nc3 Be6 14. Qd2 Rfc8
15. Rfe1 Qd8 16. g3 Nb8 17. h4 h5 18. Bc1 Nd7 19. Qd3 1/2-1/2

[Event "XXXII Festival Conca della Presolana Magistrale"]
[Site "Bratto - Castione della Presolana ITA"]
[Date "2012.08.21"]
[Round "4"]
[White "Ranieri, Fabrizio"]
[Black "Colovic, Aleksandar"]
[WhiteElo "2287"]
[BlackElo "2449"]
[Result "0-1"]
[PlyCount "64"]
[EventDate "2012.08.18"]

1. e4 c5 2. Nf3 d6 3. d4 cxd4 4. Nxd4 Nf6 5. Nc3 a6 6. h3 g6 7. Bc4 Bg7 8. O-O
O-O 9. Bb3 Nc6 10. Be3 Na5 11. Re1 b5 12. Nd5 Bb7 13. Nxf6+ Bxf6 14. Bd5 Qc7
15. a4 e6 16. Bxb7 Qxb7 17. axb5 axb5 18. Bh6 Rfd8 19. Qd3 Nc4 20. Rxa8 Qxa8
21. b3 Qa5 22. Rc1 Ne5 23. Qxb5 Qc3 24. Ne2 Qc7 25. Be3 d5 26. exd5 Rxd5 27.
Qb6 Qd7 28. c4 Rd1+ 29. Kh2 Kg7 30. Rxd1 Qxd1 31. Ng3 Qc2 32. Bd4 Qd3 0-1

[Event "XXXII Festival Conca della Presolana Magistrale"]
[Site "Bratto - Castione della Presolana ITA"]
[Date "2012.08.21"]
[Round "4"]
[White "Reduzzi, Maurizio"]
[Black "Sala, Giovanni"]
[WhiteElo "2103"]
[BlackElo "2022"]
[Result "1/2-1/2"]
[PlyCount "54"]
[EventDate "2012.08.18"]

1. Nf3 c5 2. c4 Nc6 3. d4 cxd4 4. Nxd4 Nf6 5. Nc3 Qb6 6. e3 a6 7. Be2 e6 8. O-O
Be7 9. a3 d5 10. cxd5 Nxd4 11. Qxd4 Qxd4 12. exd4 Nxd5 13. Bf3 Nxc3 14. bxc3
Bd6 15. c4 Rb8 16. c5 Bc7 17. d5 exd5 18. Re1+ Be6 19. Bxd5 Kd7 20. Bxe6+ fxe6
21. Bb2 e5 22. Bxe5 Bxe5 23. Rxe5 Rhe8 24. Rg5 Re7 25. h4 Rf8 26. Rb1 Kc7 27.
Rb2 Rf4 1/2-1/2

[Event "XXXII Festival Conca della Presolana Magistrale"]
[Site "Bratto - Castione della Presolana ITA"]
[Date "2012.08.21"]
[Round "4"]
[White "Ricci, Marco"]
[Black "Giuriato, Sergio"]
[WhiteElo "2089"]
[BlackElo "2003"]
[Result "1-0"]
[PlyCount "59"]
[EventDate "2012.08.18"]

1. e4 Nc6 2. Nf3 e5 3. Bb5 a6 4. Bxc6 dxc6 5. O-O Bg4 6. h3 h5 7. d3 Qf6 8.
Nbd2 Ne7 9. Re1 Ng6 10. d4 O-O-O 11. hxg4 hxg4 12. Nh2 exd4 13. Qxg4+ Kb8 14.
Ndf3 Qd6 15. e5 Qb4 16. Qe4 Bc5 17. a3 Qb6 18. b4 Be7 19. e6 Bf6 20. exf7 Ne7
21. Ng4 Nd5 22. Nxf6 Nxf6 23. Qg6 Qb5 24. Bg5 d3 25. cxd3 Qxd3 26. Qxd3 Rxd3
27. Bxf6 gxf6 28. Re8+ Rd8 29. Rae1 Kc8 30. Rxh8 1-0

[Event "XXXII Festival Conca della Presolana Magistrale"]
[Site "Bratto - Castione della Presolana ITA"]
[Date "2012.08.21"]
[Round "4"]
[White "Roy Chowdhury, Saptarshi"]
[Black "Ranfagni, Stefano"]
[WhiteElo "2391"]
[BlackElo "1980"]
[Result "1-0"]
[PlyCount "53"]
[EventDate "2012.08.18"]

1. e4 e6 2. Qe2 c5 3. Nf3 Nc6 4. c3 g6 5. g3 Bg7 6. Bg2 Nge7 7. d3 O-O 8. h4 d5
9. e5 Qc7 10. Bf4 b5 11. Nbd2 Bb7 12. h5 d4 13. Ne4 Nd5 14. hxg6 fxg6 15. Nxc5
Rae8 16. Ng5 Bc8 17. Be4 dxc3 18. Ncxe6 Bxe6 19. Nxe6 Qa5 20. b4 Ndxb4 21. Nxg7
Nd4 22. Qg4 Nbc2+ 23. Kf1 Nxa1 24. Bd5+ Ne6 25. Nxe6 b4 26. Rxh7 Rxf4 27. Qxg6#
1-0

[Event "XXXII Festival Conca della Presolana Magistrale"]
[Site "Bratto - Castione della Presolana ITA"]
[Date "2012.08.21"]
[Round "4"]
[White "Satyapragyan, Swayangsu"]
[Black "Burmakin, Vladimir"]
[WhiteElo "2435"]
[BlackElo "2608"]
[Result "0-1"]
[PlyCount "82"]
[EventDate "2012.08.18"]

1. e4 c6 2. Nc3 d5 3. Nf3 h6 4. d4 dxe4 5. Nxe4 Bf5 6. Nc5 Qc8 7. Bd3 Bxd3 8.
Nxd3 Nf6 9. Qe2 e6 10. Bd2 Nbd7 11. O-O-O Be7 12. Kb1 c5 13. dxc5 O-O 14. g4
Nxc5 15. g5 hxg5 16. Bxg5 Rd8 17. Nfe5 Nxd3 18. Nxd3 Qc4 19. Rhg1 Rd5 20. Rg3
Ra5 21. a3 Rb5 22. Kc1 Qa2 23. Rdg1 Rxb2 24. Nxb2 Qa1+ 25. Kd2 Qxb2 26. Ke1 Rc8
27. Bh6 Qa1+ 28. Qd1 Qe5+ 29. Re3 Qxh2 30. Rxg7+ Kh8 31. Rgg3 Qh1+ 32. Ke2 Qxh6
33. Rh3 Nh5 34. Ke1 Rc5 35. Qd7 Qf6 36. Kf1 Kg7 37. Rhf3 Qh4 38. Rh3 Qc4+ 39.
Ke1 Qxc2 40. Qxe7 Qc1+ 41. Ke2 Nf4+ 0-1

[Event "XXXII Festival Conca della Presolana Magistrale"]
[Site "Bratto - Castione della Presolana ITA"]
[Date "2012.08.21"]
[Round "4"]
[White "Vezzosi, Paolo"]
[Black "Montani, Francesco"]
[WhiteElo "2309"]
[BlackElo "2214"]
[Result "1/2-1/2"]
[PlyCount "72"]
[EventDate "2012.08.18"]

1. d4 Nf6 2. Nf3 c5 3. d5 g6 4. c4 Bg7 5. Nc3 d6 6. e4 b5 7. cxb5 O-O 8. Be2 a6
9. bxa6 Bxa6 10. O-O Nfd7 11. Re1 Qb6 12. a3 Bxe2 13. Rxe2 Ne5 14. Nxe5 Bxe5
15. Bh6 Re8 16. Qc2 Nd7 17. Rf1 Reb8 18. Bc1 Qb3 19. Qd3 c4 20. Qe3 Qb6 21. Qh3
Qc7 22. f4 Bd4+ 23. Be3 Bxe3+ 24. Qxe3 Qc5 25. Rf3 Rb3 26. e5 Rab8 27. e6 fxe6
28. dxe6 Qxe3+ 29. Rfxe3 Nf6 30. Nd1 d5 31. Rd2 R8b6 32. Re5 Kg7 33. g3 Rd6 34.
Ne3 Rdb6 35. Nd1 Rd6 36. Ne3 Rdb6 1/2-1/2

[Event "XXXII Festival Conca della Presolana Magistrale"]
[Site "Bratto - Castione della Presolana ITA"]
[Date "2012.08.21"]
[Round "4"]
[White "Welling, Gerard"]
[Black "Llaneza Vega, Patricia"]
[WhiteElo "2330"]
[BlackElo "2238"]
[Result "1-0"]
[PlyCount "51"]
[EventDate "2012.08.18"]

1. b3 e5 2. Bb2 Nc6 3. Nf3 d6 4. d4 exd4 5. Nxd4 Nxd4 6. Qxd4 Nf6 7. Nc3 Be7 8.
e4 Be6 9. f4 O-O 10. O-O-O c6 11. Be2 Qb6 12. Qd2 Ng4 13. f5 Nf2 14. fxe6 fxe6
15. Bf3 Nxh1 16. Rxh1 d5 17. Bg4 Bd6 18. Bxe6+ Kh8 19. g3 Rae8 20. exd5 cxd5
21. Nxd5 Qa6 22. Qd4 Rf1+ 23. Kd2 Bf8 24. Rxf1 Qxf1 25. Nf4 Qa6 26. Ng6+ 1-0

[Event "XXXII Festival Conca della Presolana Magistrale"]
[Site "Bratto - Castione della Presolana ITA"]
[Date "2012.08.22"]
[Round "5"]
[White "Anuprita, Patil"]
[Black "Ricci, Marco"]
[WhiteElo "2123"]
[BlackElo "2089"]
[Result "0-1"]
[PlyCount "80"]
[EventDate "2012.08.18"]

1. d4 Nf6 2. c4 g6 3. g3 Bg7 4. Bg2 O-O 5. Nc3 d6 6. Nf3 Nc6 7. d5 Na5 8. Qd3
c5 9. O-O a6 10. Rb1 Bd7 11. e4 b5 12. cxb5 axb5 13. b4 c4 14. Qd2 Nb7 15. Nd4
Qb6 16. Rd1 Ng4 17. Nc6 Bxc6 18. dxc6 Bxc3 19. Qxc3 Qxf2+ 20. Kh1 Qa7 21. Rf1
Nd8 22. e5 Nxe5 23. Bh6 Qc7 24. Bxf8 Kxf8 25. Rbe1 Rxa2 26. Qc1 Kg7 27. Qf4 f6
28. Qd4 Ndxc6 29. Qd5 Qb6 30. Qe6 Qc7 31. Qd5 Qb6 32. Qe6 Ra7 33. Bd5 Qd8 34.
Re4 Rc7 35. h4 Qc8 36. Qxc8 Rxc8 37. Ra1 Nxb4 38. Be6 Rb8 39. Rb1 Nbd3 40. Kg2
Nc5 0-1

[Event "XXXII Festival Conca della Presolana Magistrale"]
[Site "Bratto - Castione della Presolana ITA"]
[Date "2012.08.22"]
[Round "5"]
[White "Bonade', Massimo"]
[Black "Ranieri, Fabrizio"]
[WhiteElo "2081"]
[BlackElo "2287"]
[Result "0-1"]
[PlyCount "76"]
[EventDate "2012.08.18"]

1. d4 d5 2. Nf3 c5 3. e3 Nc6 4. b3 Bf5 5. Bd2 e6 6. Bb5 Nf6 7. O-O Qb6 8. a4 a6
9. Bxc6+ bxc6 10. a5 Qc7 11. Bc3 cxd4 12. Bxd4 Be7 13. Nbd2 O-O 14. Ne5 c5 15.
Bb2 Bd6 16. Ndf3 Rab8 17. h3 Rb5 18. Qd2 Ne4 19. Qe1 c4 20. Nd4 Bxe5 21. Nxb5
axb5 22. Bxe5 Qxe5 23. bxc4 dxc4 24. a6 Ra8 25. Qa5 Nc3 26. a7 h5 27. Ra3 Ne2+
28. Kh1 Bxc2 29. Re1 Bd3 30. Qb6 Kh7 31. f3 f5 32. Ra5 c3 33. e4 fxe4 34. fxe4
Qxe4 35. Qb8 c2 36. Raa1 e5 37. Qb6 Qd5 38. Qe3 Nf4 0-1

[Event "XXXII Festival Conca della Presolana Magistrale"]
[Site "Bratto - Castione della Presolana ITA"]
[Date "2012.08.22"]
[Round "5"]
[White "Burmakin, Vladimir"]
[Black "Bellia, Fabrizio"]
[WhiteElo "2608"]
[BlackElo "2451"]
[Result "1-0"]
[PlyCount "81"]
[EventDate "2012.08.18"]

1. Nf3 Nf6 2. g3 g6 3. b3 Bg7 4. Bb2 O-O 5. Bg2 c5 6. c4 Nc6 7. O-O d6 8. d4
Bg4 9. d5 Bxf3 10. Bxf3 Na5 11. Qd2 a6 12. Bc3 b6 13. e4 Rb8 14. Na3 Ne8 15.
Bxg7 Nxg7 16. Be2 e5 17. dxe6 Nxe6 18. Nc2 Nc6 19. f4 Ned4 20. Ne3 Re8 21. Bd3
Qf6 22. Rae1 Qg7 23. Kh1 b5 24. Qg2 Nb4 25. Bb1 f6 26. h4 Nbc6 27. Qh3 Rb7 28.
g4 bxc4 29. Nxc4 Qd7 30. Qg2 a5 31. g5 Qe6 32. Ne3 Kh8 33. Bd3 fxg5 34. hxg5 a4
35. bxa4 Rb4 36. f5 gxf5 37. exf5 Qf7 38. g6 Qf6 39. Qh3 Rb7 40. Nd5 Qf8 41. f6
1-0

[Event "XXXII Festival Conca della Presolana Magistrale"]
[Site "Bratto - Castione della Presolana ITA"]
[Date "2012.08.22"]
[Round "5"]
[White "Cacciola, Alfredo"]
[Black "Vezzosi, Paolo"]
[WhiteElo "2114"]
[BlackElo "2309"]
[Result "1/2-1/2"]
[PlyCount "65"]
[EventDate "2012.08.18"]

1. e4 e5 2. Nf3 Nc6 3. Bb5 a6 4. Ba4 Nf6 5. O-O Be7 6. Re1 b5 7. Bb3 d6 8. c3
O-O 9. h3 Na5 10. Bc2 c5 11. d4 Qc7 12. Nbd2 Bd7 13. Nf1 cxd4 14. cxd4 Rfc8 15.
Ne3 Nc4 16. Nxc4 bxc4 17. Bd2 Be8 18. Bc3 Nd7 19. dxe5 dxe5 20. Qd5 Bf6 21.
Rad1 a5 22. Qd6 a4 23. Qxc7 Rxc7 24. a3 Rc6 25. Rd5 Re6 26. Red1 Re7 27. Ra5
Rxa5 28. Bxa5 Nc5 29. Nd2 Bb5 30. Nb1 Nb3 31. Bxb3 cxb3 32. Nc3 Bc6 33. Bd8
1/2-1/2

[Event "XXXII Festival Conca della Presolana Magistrale"]
[Site "Bratto - Castione della Presolana ITA"]
[Date "2012.08.22"]
[Round "5"]
[White "Casadei, Mauro"]
[Black "Viaggi, Stefano"]
[WhiteElo "2165"]
[BlackElo "2045"]
[Result "0-1"]
[PlyCount "110"]
[EventDate "2012.08.18"]

1. e4 g6 2. d4 Bg7 3. Nc3 d6 4. Be3 Nd7 5. Nf3 a6 6. Qd2 h6 7. a4 b6 8. Bd3 e6
9. Ne2 Bb7 10. Ng3 Ne7 11. c3 Nf6 12. h3 d5 13. e5 Ne4 14. Qc2 Nxg3 15. fxg3
Nf5 16. Bf2 h5 17. Qe2 a5 18. Nd2 Qc8 19. b4 Qd7 20. O-O Qe7 21. bxa5 bxa5 22.
Nb3 Qg5 23. Nc5 Bc8 24. Bb5+ Kf8 25. Bc6 Rb8 26. Rab1 Rxb1 27. Rxb1 Nxg3 28.
Bxg3 Qxg3 29. Rb8 Ke7 30. Bb5 Qxc3 31. Qf2 Qc1+ 32. Kh2 Qg5 33. Qf3 f6 34. Qa3
Kf7 35. Nd3 fxe5 36. Qc3 exd4 37. Qxc7+ Qe7 38. Qf4+ Bf6 39. Ne5+ Kg7 40. Nc6
Qf7 41. Qd6 h4 42. Ra8 Qf8 43. Ra7+ Kh6 44. Ne7 Bxe7 45. Rxe7 Qf5 46. Bd3 Qg5
47. Qc7 Qg3+ 48. Qxg3 hxg3+ 49. Kxg3 Rf8 50. h4 Rf6 51. Kh2 Rf2 52. Bb5 Rc2 53.
Bd3 Rc3 54. Be2 d3 55. Bf3 d2 0-1

[Event "XXXII Festival Conca della Presolana Magistrale"]
[Site "Bratto - Castione della Presolana ITA"]
[Date "2012.08.22"]
[Round "5"]
[White "Castaldo, Folco"]
[Black "Ramondino, Renzo"]
[WhiteElo "2432"]
[BlackElo "2231"]
[Result "1/2-1/2"]
[PlyCount "42"]
[EventDate "2012.08.18"]

1. e4 c5 2. d3 g6 3. f4 Bg7 4. Nf3 d6 5. Be2 Nc6 6. O-O Nf6 7. Na3 Rb8 8. c3 b5
9. e5 Nd7 10. exd6 exd6 11. d4 c4 12. f5 O-O 13. Qe1 d5 14. Bf4 Rb7 15. Nc2 Nf6
16. Ne5 Qb6 17. Ne3 Bxf5 18. Nxf5 gxf5 19. Kh1 Ne4 20. Nf3 Ne7 21. Be5 f6
1/2-1/2

[Event "XXXII Festival Conca della Presolana Magistrale"]
[Site "Bratto - Castione della Presolana ITA"]
[Date "2012.08.22"]
[Round "5"]
[White "Cebalo, Miso"]
[Black "Gentili, Gianguido"]
[WhiteElo "2435"]
[BlackElo "2169"]
[Result "1-0"]
[PlyCount "55"]
[EventDate "2012.08.18"]

1. c4 Nf6 2. Nc3 e6 3. d4 Bb4 4. Nf3 O-O 5. Bg5 d5 6. e3 Nbd7 7. cxd5 exd5 8.
Bd3 Re8 9. Qc2 Nf8 10. Qb3 Bxc3+ 11. bxc3 c6 12. O-O Ne6 13. Bh4 h6 14. c4 g5
15. Bg3 Ne4 16. cxd5 cxd5 17. Rac1 Nxg3 18. hxg3 Rb8 19. Rc3 b5 20. Ne5 Bb7 21.
Qxb5 Re7 22. Rfc1 Kg7 23. Qa4 Ba8 24. Bf5 a5 25. Bxe6 Rxe6 26. Rc7 Rf6 27. Qc2
Qd6 28. Nd7 1-0

[Event "XXXII Festival Conca della Presolana Magistrale"]
[Site "Bratto - Castione della Presolana ITA"]
[Date "2012.08.22"]
[Round "5"]
[White "Ceccarini, Marco"]
[Black "Casagrande, Fabio"]
[WhiteElo "2058"]
[BlackElo "1981"]
[Result "1-0"]
[PlyCount "68"]
[EventDate "2012.08.18"]

1. e4 e6 2. d4 d5 3. Nc3 Nf6 4. Bg5 dxe4 5. Nxe4 Be7 6. Nxf6+ Bxf6 7. Bxf6 Qxf6
8. c3 Bd7 9. Nf3 Nc6 10. Bd3 O-O-O 11. O-O g5 12. Qe2 h5 13. Ne5 Nxe5 14. dxe5
Qf4 15. Qe3 Bc6 16. Rad1 Qg4 17. f3 Qa4 18. b3 Qa5 19. b4 Qa4 20. b5 Bd5 21.
Rd2 Bc4 22. Rfd1 Bxd3 23. Rxd3 Qxb5 24. Rxd8+ Rxd8 25. Rxd8+ Kxd8 26. Qxg5+ Kd7
27. Qxh5 Qb1+ 28. Kf2 Qxa2+ 29. Kg3 Ke8 30. Qh8+ Ke7 31. Qf6+ Ke8 32. h4 Qa5
33. h5 Qa4 34. h6 Qa1 1-0

[Event "XXXII Festival Conca della Presolana Magistrale"]
[Site "Bratto - Castione della Presolana ITA"]
[Date "2012.08.22"]
[Round "5"]
[White "Colovic, Aleksandar"]
[Black "Collutiis, Duilio"]
[WhiteElo "2449"]
[BlackElo "2511"]
[Result "1/2-1/2"]
[PlyCount "68"]
[EventDate "2012.08.18"]

1. e4 e5 2. Nf3 Nc6 3. Bb5 a6 4. Ba4 d6 5. c3 Bd7 6. d4 Nf6 7. O-O g6 8. Re1 b5
9. Bb3 Bg7 10. Bg5 O-O 11. dxe5 dxe5 12. a4 Qe7 13. Na3 Na5 14. Bc2 Rfd8 15. b4
Nb7 16. Qe2 Nd6 17. c4 bxa4 18. c5 Nb5 19. Nc4 h6 20. Bh4 Bg4 21. Qe3 Nd4 22.
Nxd4 exd4 23. Qd3 g5 24. Bg3 Nh5 25. e5 Be6 26. Rxa4 Qd7 27. Ra3 Qb5 28. Na5
Qxb4 29. Rb1 Qxc5 30. Nb7 Qc4 31. Qh7+ Kf8 32. Nxd8 Rxd8 33. Bd3 Qc5 34. Rxa6
Nxg3 1/2-1/2

[Event "XXXII Festival Conca della Presolana Magistrale"]
[Site "Bratto - Castione della Presolana ITA"]
[Date "2012.08.22"]
[Round "5"]
[White "Das, Arghyadip"]
[Black "Roy Chowdhury, Saptarshi"]
[WhiteElo "2479"]
[BlackElo "2391"]
[Result "1/2-1/2"]
[PlyCount "41"]
[EventDate "2012.08.18"]

1. d4 d5 2. Nf3 Nf6 3. c4 e6 4. Nc3 Be7 5. Bg5 O-O 6. e3 h6 7. Bh4 Ne4 8. Bxe7
Qxe7 9. Rc1 c6 10. Bd3 Nxc3 11. Rxc3 Nd7 12. O-O dxc4 13. Bxc4 b6 14. Qe2 Bb7
15. Ba6 Bxa6 16. Qxa6 c5 17. Qb7 Rfb8 18. Qc7 Rc8 19. Qb7 Rcb8 20. Qc7 Rc8 21.
Qb7 1/2-1/2

[Event "XXXII Festival Conca della Presolana Magistrale"]
[Site "Bratto - Castione della Presolana ITA"]
[Date "2012.08.22"]
[Round "5"]
[White "David, Alberto"]
[Black "Jerez Perez, Alfonso"]
[WhiteElo "2595"]
[BlackElo "2412"]
[Result "1/2-1/2"]
[PlyCount "73"]
[EventDate "2012.08.18"]

1. c4 Nf6 2. Nc3 d5 3. cxd5 Nxd5 4. g3 g6 5. Bg2 Nb6 6. d3 Bg7 7. Be3 Nc6 8.
Nf3 O-O 9. Qd2 e5 10. Bh6 Bg4 11. Bxg7 Kxg7 12. O-O Qe7 13. h3 Bf5 14. Qe3 Rfe8
15. Rfc1 Rad8 16. Ne4 Nd5 17. Qc5 Bxe4 18. dxe4 Qxc5 19. Rxc5 Nf6 20. Rc4 Re7
21. Kf1 Ne8 22. Ne1 Rd2 23. Nd3 Nd6 24. Rxc6 bxc6 25. Rc1 c5 26. Ke1 Rxd3 27.
exd3 Nb7 28. Bf3 Re6 29. Bd1 Rb6 30. Bb3 c6 31. Kd2 f6 32. Rc4 Kf8 33. Ra4 a5
34. Kc2 Ke7 35. Bc4 h6 36. Ra3 Kd6 37. Kc1 1/2-1/2

[Event "XXXII Festival Conca della Presolana Magistrale"]
[Site "Bratto - Castione della Presolana ITA"]
[Date "2012.08.22"]
[Round "5"]
[White "Drazic, Sinisa"]
[Black "Genocchio, Daniele"]
[WhiteElo "2516"]
[BlackElo "2440"]
[Result "1/2-1/2"]
[PlyCount "111"]
[EventDate "2012.08.18"]

1. e4 c5 2. Nf3 e6 3. c3 d5 4. exd5 exd5 5. d4 Nc6 6. Be3 c4 7. b3 cxb3 8. axb3
Bd6 9. Bd3 Nge7 10. Qc2 Bg4 11. Nbd2 Qd7 12. h3 Bf5 13. Bxf5 Nxf5 14. Qd3 O-O
15. O-O Rae8 16. Rfe1 h6 17. Nf1 a6 18. Bd2 Bc7 19. Rad1 Rxe1 20. Rxe1 Nd6 21.
Ne5 Nxe5 22. dxe5 Qb5 23. c4 dxc4 24. Qf3 Nc8 25. bxc4 Qc6 26. Qxc6 bxc6 27.
Ra1 Bxe5 28. Rxa6 c5 29. Be3 Bd4 30. Bxd4 cxd4 31. Nd2 Rd8 32. Ra8 Kf8 33. Kf1
d3 34. g3 Ke8 35. Ke1 Kd7 36. Nf1 Nd6 37. Rxd8+ Kxd8 38. Ne3 Ne4 39. f3 Nxg3
40. Kd2 Ne2 41. Nf5 Ng1 42. Nxg7 Nxh3 43. Kxd3 Ng5 44. f4 Ne6 45. Nh5 f5 46.
Ke3 Ke7 47. Ng3 Kf6 48. Kf3 Nd4+ 49. Kf2 Ne6 50. Ke3 Kg6 51. Ne2 Kf6 52. Ng1
Ke7 53. Nf3 Kd6 54. Nh4 Kc5 55. Nxf5 Nxf4 56. Ke4 1/2-1/2

[Event "XXXII Festival Conca della Presolana Magistrale"]
[Site "Bratto - Castione della Presolana ITA"]
[Date "2012.08.22"]
[Round "5"]
[White "Esposito, Luca"]
[Black "Negro, Roberto"]
[WhiteElo "2256"]
[BlackElo "2117"]
[Result "1-0"]
[PlyCount "145"]
[EventDate "2012.08.18"]

1. d4 d5 2. c4 c6 3. Nf3 e6 4. e3 f5 5. Bd3 Nf6 6. O-O Bd6 7. b3 Qe7 8. Bb2 O-O
9. Ne5 Bd7 10. Nc3 Ne4 11. Ne2 Be8 12. f3 Nf6 13. c5 Bc7 14. b4 Nbd7 15. Qc2
Kh8 16. Rfc1 Rg8 17. a4 Nf8 18. b5 g5 19. a5 f4 20. exf4 g4 21. fxg4 Nxg4 22.
Nxg4 Rxg4 23. a6 bxa6 24. Rxa6 cxb5 25. g3 Rg7 26. Re1 Qh4 27. Qd2 Qh3 28. Qe3
Bh5 29. Kh1 Bg4 30. Ng1 Qh5 31. Be2 Bxe2 32. Qxe2 Qg6 33. Nf3 b4 34. Ng5 b3 35.
Nxe6 Nxe6 36. Rxe6 Qf7 37. Qb5 Rag8 38. Qxb3 Bxf4 39. Qxd5 Bd2 40. Qg2 Bxe1 41.
Rxe1 Rb8 42. d5 Rxb2 43. Qxb2 Qxd5+ 44. Qg2 Qd4 45. Re8+ Rg8 46. Rxg8+ Kxg8 47.
Qa8+ Kg7 48. Qxa7+ Kg6 49. Qe7 Qf2 50. Qe4+ Kg7 51. Qe5+ Kg6 52. h4 Qf3+ 53.
Kh2 h5 54. Qf4 Qe2+ 55. Kg1 Qd1+ 56. Qf1 Qd4+ 57. Qf2 Qd1+ 58. Kh2 Qd5 59. Qe3
Qd1 60. Kg2 Qd5+ 61. Kf2 Qf5+ 62. Ke1 Qb1+ 63. Kd2 Qb2+ 64. Kd3 Qb3+ 65. Ke4
Qe6+ 66. Kd4 Qd7+ 67. Kc3 Qg7+ 68. Qd4 Qa7 69. Qe4+ Kf6 70. Qf4+ Ke6 71. Qh6+
Kd5 72. Qxh5+ Ke4 73. Qe2+ 1-0

[Event "XXXII Festival Conca della Presolana Magistrale"]
[Site "Bratto - Castione della Presolana ITA"]
[Date "2012.08.22"]
[Round "5"]
[White "Formento, Paolo"]
[Black "Qendro, Llambi"]
[WhiteElo "2147"]
[BlackElo "2328"]
[Result "1/2-1/2"]
[PlyCount "28"]
[EventDate "2012.08.18"]

1. e4 d6 2. d4 Nf6 3. Nc3 g6 4. f4 Bg7 5. Nf3 O-O 6. Bd3 Nc6 7. O-O Bg4 8. d5
Nd4 9. Be2 Nxe2+ 10. Qxe2 c6 11. dxc6 bxc6 12. h3 Bxf3 13. Qxf3 Qb6+ 14. Kh1 a5
1/2-1/2